Countries with the Most UNESCO Sites - Statistics

General Stats
  • This quiz has been taken 7 times
  • The average score is 23 of 35
Answer Stats
# of Sites Continent Country % Correct
59 Asia China
100%
53 Europe France
100%
54 Europe Germany
100%
60 Europe Italy
100%
50 Europe Spain
100%
20 Oceania Australia
71%
24 South America Brazil
71%
22 North America Canada
71%
43 Asia India
71%
28 Asia Iran
71%
35 North America Mexico
71%
32 Eurasia Russia
71%
21 Eurasia Turkey
71%
35 Europe United Kingdom
71%
26 North America United States
71%
12 South America Argentina
57%
12 Europe Austria
57%
16 Europe Belgium
57%
10 Europe Bulgaria
57%
10 Europe Croatia
57%
17 Europe Czech Republic
57%
12 Africa Ethiopia
57%
19 Europe Greece
57%
10 Asia Indonesia
57%
26 Asia Japan
57%
13 Europe Netherlands
57%
13 South America Peru
57%
17 Europe Poland
57%
17 Europe Portugal
57%
11 Europe Romania
57%
12 Africa South Africa
57%
15 Europe Sweden
57%
13 Europe Switzerland
57%
11 Europe Denmark
43%
16 Asia South Korea
43%
No matching quizzes found
Score Distribution
Percent of People with Each Score
Percentile by Number Answered
Your Score History
You have not taken this quiz